Partido ganador por provincia en las elecciones - Estadísticas

Estadísticas generales
  • Esta prueba ha sido intentada 112 veces
  • La puntuación promedio es 51 de 52
Estadísticas de respuestas
Circunscripción Partido ganador % Correcto
Albacete PP
100%
Alicante PP
100%
Almería PP
100%
Asturias PP
100%
Ávila PP
100%
Burgos PP
100%
Cádiz PP
100%
Cantabria PP
100%
Castellón PP
100%
Ceuta PP
100%
Ciudad Real PP
100%
Córdoba PP
100%
Cuenca PP
100%
Granada PP
100%
Guadalajara PP
100%
Badajoz PSOE
100%
Barcelona PSOE
100%
Cáceres PSOE
100%
Huelva PP
99%
Huesca PP
99%
Islas Baleares PP
99%
Jaén PP
99%
La Coruña PP
99%
La Rioja PP
99%
León PP
99%
Lugo PP
99%
Madrid PP
99%
Málaga PP
99%
Melilla PP
99%
Murcia PP
99%
Orense PP
99%
Palencia PP
99%
Pontevedra PP
99%
Salamanca PP
99%
Santa Cruz de Tenerife PP
99%
Segovia PP
99%
Soria PP
99%
Teruel PP
99%
Toledo PP
99%
Valencia PP
99%
Valladolid PP
99%
Zamora PP
99%
Zaragoza PP
99%
Gerona PSOE
99%
Sevilla PSOE
99%
Tarragona PSOE
98%
Las Palmas PSOE
97%
Navarra PSOE
96%
Álava PSOE
95%
Lérida PSOE
95%
Vizcaya EAJ-PNV
94%
Guipúzcoa EH BILDU
82%
No se encontraron pruebas coincidentes
Distribución de puntuación
Porcentaje de gente con cada puntuación
Porcentaje por número respondido
Historial de tus puntuaciones
No has intentado esta prueba.